Quantum chance : nonlocality, teleportation and other quantum marvels
Αποθηκεύτηκε σε:
| Κύριος συγγραφέας: | |
|---|---|
| Μορφή: | Βιβλίο |
| Γλώσσα: | English |
| Δημοσίευση: |
Cham, Switzerland ; New York :
Springer,
c2014.
|
| Θέματα: | |
| Ετικέτες: |
Προσθήκη ετικέτας
Δεν υπάρχουν, Καταχωρήστε ετικέτα πρώτοι!
|
MARC
| LEADER | 00000nam a2200000 a 4500 | ||
|---|---|---|---|
| 001 | 1/111906 | ||
| 008 | 160915t2014####sz | ||| |||| ||eng|| | ||
| 020 | |a 9783319054728 | ||
| 040 | |a GR-MyUa |b gre |c GR-MyUa |e AACR2 | ||
| 041 | 1 | |a eng | |
| 082 | 7 | |a 530.12 |2 (23) | |
| 100 | 1 | |a Gisin, N. |q (Nicolas) | |
| 245 | 1 | 0 | |a Quantum chance : |b nonlocality, teleportation and other quantum marvels / |c Nicolas Gisin ; foreword by Alain Aspect ; translated by Stephen Lyle. |
| 260 | |a Cham, Switzerland ; New York : |b Springer, |c c2014. | ||
| 300 | |a xxiii, 109 σ. : |b εικ. ; |c 24 εκ. | ||
| 650 | 0 | |a Quantum theory | |
| 852 | |a INST |b SAMOS |e 20160915 |h 530.12 GIS |p 005300043792 |q 005300043792 |t BK |y 0 | ||
| 922 | |a 3ΕΛΗ |b 201607 |c Τμήμα Μαθηματικών |d Δρές | ||
| 970 | |a Κοσιέρης |b Χρήστος |z 15-09-2016 | ||